Tabaco y salud: guía de prevención y tratamiento del tabaquismo

Gardado en:
Detalles Bibliográficos
Main Authors: Becoña Iglesias, Elisardo (Author), Palomares, Angel (Author), García, María del Pilar (Author)
Formato: Libro
Idioma:Lingua castelá
Publicado: Madrid Pirámide 1994
Series:Colección Ojos Solares
Subjects:
Tags: Engadir etiqueta
Sen Etiquetas, Sexa o primeiro en etiquetar este rexistro!

MARC

LEADER 00000nam a2200000 a 4500
001 UCU5443
003 CL-VaPUC
008 960604e19940000SP |||||||||||||||||spa|d
082 0 4 |a 362.296  |b BEC  |2 21 
100 0 |a Becoña Iglesias, Elisardo  |e author  |9 363452 
700 0 |a Palomares, Angel  |e author  |9 363453 
700 0 |a García, María del Pilar  |e author  |9 363454 
245 1 0 |a Tabaco y salud: guía de prevención y tratamiento del tabaquismo 
300 |a 186 p 
942 |c BK 
945 |d 19960604 00:00:00  |a rbrito 
260 |a Madrid  |b Pirámide  |c 1994 
650 0 |a Tabaquismo (Adicción al tabaco)  |9 406705 
650 0 |a Tabaco  |9 343563 
650 0 |a Problemas sociales  |9 258537 
650 0 |a Adicción   |9 337026 
650 7 |a EDUCACION SANITARIA  |2 CL-VaPUC  |9 339099 
650 0 |a Atención médica  |9 337119 
650 7 |a PSICOTERAPIA  |2 CL-VaPUC  |9 363456 
650 7 |a HABITO DE FUMAR  |2 CL-VaPUC  |9 255746 
650 7 |a PELIGROS PARA LA SALUD  |2 CL-VaPUC  |9 342106 
650 7 |a ENFERMEDADES DEL APARATO RESPIRATORIO  |2 CL-VaPUC  |9 341870 
583 |a last modification  |c 20190731 11:32:53  |k Rodrigo Vera 
490 0 |a Colección Ojos Solares 
999 |c 248810  |d 248808 
952 |0 0  |1 0  |4 0  |6 362_296000000000000_BEC_1994  |7 0  |8 A  |9 265676  |a BIBEDU  |b BIBEDU  |c ES_NOD  |d 2019-11-19  |i 320703K  |o 362.296 BEC 1994  |p 320703K  |r 2023-08-09  |w 2019-11-19  |y BK  |k EPE